Απαγγελία μαθηματικών κειμένων με το σύστημα Nemeth : πτυχιακή εργασία
Στο πλαίσιο αυτής της πτυχιακής εργασίας η προσπάθεια μου επικεντρώθηκε στην απόδοση των μαθηματικών κανόνων του MathSpeak στα ελληνικά. Το MathSpeak είναι μια ειδική ομιλούμενη γλώσσα που δημιουργήθηκε σε συνεργασία με τον Dr. Abraham Nemeth, ο οποίος δημιούργησε την κωδικοποίηση της μαθηματικής κα...
Αποθηκεύτηκε σε:
| Κύριος συγγραφέας: | |
|---|---|
| Συγγραφή απο Οργανισμό/Αρχή: | |
| Μορφή: | Thesis Βιβλίο |
| Γλώσσα: | Greek |
| Δημοσίευση: |
2016.
|
| Θέματα: | |
| Διαθέσιμο Online: | http://hdl.handle.net/11610/19639 |
| Ετικέτες: |
Προσθήκη ετικέτας
Δεν υπάρχουν, Καταχωρήστε ετικέτα πρώτοι!
|
MARC
| LEADER | 00000cam a2200000 a 4500 | ||
|---|---|---|---|
| 001 | 1/112576 | ||
| 008 | 161219s2016####gr | ||| |||| ||gre|| | ||
| 040 | |a GR-MyUa |b gre |c GR-MyUa |e AACR2 | ||
| 041 | 0 | |a gre | |
| 082 | 7 | |a 371.911 |2 (23) | |
| 100 | 1 | |a Λισένκο, Ελένη. | |
| 245 | 1 | 0 | |a Απαγγελία μαθηματικών κειμένων με το σύστημα Nemeth : |b πτυχιακή εργασία / |c Ελένη Λισένκο ; επιβλέπων καθηγητής Ανδρέας Παπασαλούρος. |
| 260 | |c 2016. | ||
| 300 | |a iv, 86 σ, : |b πιν. ; |c 30 εκ. | ||
| 500 | |a Μέλη της εξεταστικής επιτροπής: Ανδρέας Παπασαλούρος, Αντώνης Τσολομύτης, Χαράλαμπος Κορνάρος. | ||
| 502 | |a Πτυχιακή εργασία - Πανεπιστήμιο Αιγαίου, Σάμος, 2016. | ||
| 504 | |a Βιβλιογραφία: σ. 85-86. | ||
| 506 | 1 | |a Διάθεση πλήρους κειμένου ; |d Ενδοπανεπιστημιακή πρόσβαση. | |
| 520 | 8 | |a Στο πλαίσιο αυτής της πτυχιακής εργασίας η προσπάθεια μου επικεντρώθηκε στην απόδοση των μαθηματικών κανόνων του MathSpeak στα ελληνικά. Το MathSpeak είναι μια ειδική ομιλούμενη γλώσσα που δημιουργήθηκε σε συνεργασία με τον Dr. Abraham Nemeth, ο οποίος δημιούργησε την κωδικοποίηση της μαθηματικής και επιστημονικής σημειογραφίας για το σύστημα Braille. Επιπλέον, το ενδιαφέρον μου στράφηκε στην εύρεση συστημάτων που αποδίδουν σε ηχητική μορφή τα μαθηματικά κείμενα. Αυτά τα συστήματα απευθύνονται κυρίως στους τυφλούς μαθητές, στους εκπαιδευτικούς που διδάσκουν σε άτομα με προβλήματα όρασης και σε κάθε ενδιαφερόμενο που αγαπά τα μαθηματικά. | |
| 540 | |a Κλειδωμένη η δυνατότητα αντιγραφής (copy) κειμένου. | ||
| 650 | 0 | |a Braille. | |
| 650 | 0 | |a Mathematical notation. | |
| 650 | 0 | |a Blind. | |
| 650 | 0 | |a Dissertations, Academic |z Greece. | |
| 700 | 1 | |a Παπασαλούρος, Ανδρέας, |e dgs | |
| 710 | 2 | |a Πανεπιστήμιο Αιγαίου. |b Σχολή Θετικών Επιστημών. |b Τμήμα Μαθηματικών. | |
| 852 | |a INST |b SAMOS |c DIATR |e 20161219 |h 371.911 ΛΙΣ |p 005300044068 |q 005300044068 |t DIE |y 23 | ||
| 856 | |u http://hdl.handle.net/11610/19639 | ||
| 924 | |a Λισένκο |b Ελένη |y Σάμος |z 2016-10 | ||
| 970 | |a Κοσιέρης |b Χρήστος |z 19-12-2016 | ||